000 00407nam a2200157Ia 4500
003 GCL
008 140319s9999 xx 000 0 ara d
040 _aGCL /
_cGCL
082 0 4 _aط
_b813.081
_bع ى
245 1 0 _aيوم الاندلس
490 _aايام العرب
_v0
650 0 4 _aالقصص العربية
650 0 4 _aالاندلس
650 0 4 _aالقصص التاريخية
942 _2ddc
_cBK
999 _c43121
_d43121